Kółko i krzyżyk - Powiaty Polski - Statystyki

Ogólne statystyki
  • Ten quiz został rozwiązany 7 razy
  • Średni wynik to 7 z 9
Statystyki odpowiedzi
Powiat % Poprawnych
bieszczadzki
100%
karkonoski
83%
tatrzański
83%
zamojski
83%
koszaliński
67%
krakowski
67%
krośnieński
67%
zwoleński
67%
zielonogórski
50%
Nie znaleziono quizów pasujących do podanych kryteriów
Rozkład punktacji
Procent ludzi z każdym wynikiem
Percentyl według liczby udzielonych odpowiedzi
Twoja historia wyników
Nie rozwiązałeś tego quizu